| 000 | 00591nam a2200205 a 4500 | ||
|---|---|---|---|
| 005 | 20240924070715.0 | ||
| 008 | 010529s1993 mx r 000 0 spa d | ||
| 020 | _a9682444209 | ||
| 035 | _aUPN01000107032 | ||
| 049 | _aCG | ||
| 050 | 4 |
_aQH541.15 E5 _bO5.4 |
|
| 100 | 1 |
_aOndarza, Raúl N. _929780 |
|
| 245 | 1 | 0 |
_aEcología : _bel hombre y su ambiente / _cRaúl N. Ondarza. |
| 260 |
_aMéxico : _bTrillas, _c1993. |
||
| 300 |
_a248 p. : _bil. col. |
||
| 650 | 4 |
_aEcología _95860 |
|
| 650 | 4 |
_aHombre _xInfluencia en la naturaleza _910359 |
|
| 650 | 2 |
_aMedio ambiente _95286 |
|
| 905 | _aLibro | ||
| 999 |
_c80944 _d80944 |
||